000
00238nam a22001217a 4500
003
SGT
082
_a
340,CHA
100
_a
CHARI, S.A.
245
_a
MANUAL OF WORK MENS COMPENSATION
260
_c
2009
300
_a
349
942
_2
ddc
_c
BK
999
_c
11407
_d
11407